Дело о рассмотрении сочинений иностранных ученых Шуберта, Рауссе и Рикара

Доступно только в Электронных читальных залах Найти на картеНа карте
RUSMARC
00004227nmc2a2200000 x 450
001ca1ef929-e56d-47ca-ad2b-666dc08e58ba
00520151215165348.0
100##$a20150831l18411845k l0rusy0189 ca
1010#$arus
102##$aRU
2001#$aДело о рассмотрении сочинений иностранных ученых Шуберта, Рауссе и Рикара
$j18 февраля 1841 г. - 29 сентября 1845 г.
251##$cДело
300##$aДело
300##$aОриг. заголовок дела: Дело по предложению господина министра народного просвещения о рассмотрении сочинений: 1) [Grundzüge der allgemeinen Wasser-Heilkunde]. 2) [Wir cellen zur-Gräfenberger wasserkür]. 3) [Der geist der gräfenberger wasserkür]. 18 февраля 1841 г. - 29 сентября 1845 г
801#0$aRU
$bРГИА
$c20150831
$gRCR
801#1$aRU
$bГлавНИВЦ
$c20150831
$2rusmarc
801#2$aRU
$bПБ им. Б.Н. Ельцина
$c20151215
$gRCR
$2rusmarc
850##$aРГИА
852##$aРГИА
$eФедеральное казенное учреждение "Российский государственный исторический архив" (РГИА)
$j711
937##$hРГИА
$d12091025
$aASBIBLIO_SCAN
462#0$100110dcdccd-ec79-4ee8-a204-b9d031b41c04
$12001
$aМедицинские дела Департамента народного просвещения
$1251
$cОпись
$1852
$j99
461#0$1001a74412a3-3cc5-4d21-8f0a-dfe2fbd9e72d
$12001
$aДепартамент народного просвещения Министерства народного просвещения
$1251
$cФонд
$1852
$j733
215##$a6 л.
$d36,5х26 см
371##$aДокумент не является опубликованным и широко распространяемым
105##$ay###
1222#$ad
5171#$aДело по предложению господина министра народного просвещения о рассмотрении сочинений: 1) [Grundzüge der allgemeinen Wasser-Heilkunde]. 2) [Wir cellen zur-Gräfenberger wasserkür]. 3) [Der geist der gräfenberger wasserkür]. 18 февраля 1841 г. - 29 сентября 1845 г
035##$aca1ef929-e56d-47ca-ad2b-666dc08e58ba
Формат отображения